| 000 | 00614cam a2200193 a 4500 | ||
|---|---|---|---|
| 001 | 2071051 | ||
| 005 | 20250508140430.0 | ||
| 008 | 941107s1995 enka b 001 0 eng | ||
| 020 | _a0131509705 | ||
| 050 | 0 | 0 |
_aHF5415.13 _b.M3447 1995 |
| 082 | 0 | 0 |
_a658.8 _220 |
| 245 | 0 | 0 |
_aMarketing and entrepreneurship in SMEs : _ban innovative approach / _cDavid Carson ... [et al.]. |
| 260 |
_aLondon ; _aNew York : _bPrentice Hall, _cc1995. |
||
| 300 |
_axvi, 296 p. : _bill. ; _c24 cm. |
||
| 650 | 0 |
_aMarketing _xManagement. |
|
| 650 | 0 |
_aSmall business _xManagement. |
|
| 700 | 1 |
_aCarson, David, _d1947- |
|
| 942 |
_2lcc _cBK _n0 |
||
| 999 |
_c5704 _d5704 |
||